Laske roomalaisin numeroin - 30 sekunnin sprintti - Statistics

Yleistilastot
  • Tätä visaa on pelattu 82 kertaa
  • Keskiarvotulos 16 / 50
Vastaustilastot
# % Oikein
I
100%
II
100%
III
98%
IV
98%
V
98%
VI
95%
VII
95%
VIII
86%
IX
77%
X
77%
XI
77%
XII
77%
XIII
75%
XIV
57%
XV
55%
XVI
50%
XVII
45%
XVIII
34%
XIX
23%
XX
23%
XXI
23%
XXII
16%
XXIII
14%
XXIV
14%
XXV
14%
XXVI
9%
XXVII
9%
L
2%
XXIX
2%
XXVIII
2%
XXX
2%
XXXI
2%
XXXII
2%
XXXIII
2%
XL
0%
XLI
0%
XLII
0%
XLIII
0%
XLIV
0%
XLIX
0%
XLV
0%
XLVI
0%
XLVII
0%
XLVIII
0%
XXXIV
0%
XXXIX
0%
XXXV
0%
XXXVI
0%
XXXVII
0%
XXXVIII
0%
Ehtoja vastaavia visoja ei löytynyt
Tulosjakauma
Jokaisen tuloksen saaneiden osuus
Persentiili vastausten määrän mukaan
Tuloshistoriasi
Et ole pelannut tätä visaa